| 000 | 00435nam a2200169Ia 4500 | ||
|---|---|---|---|
| 999 |
_c522919 _d522919 |
||
| 005 | 20191029160320.0 | ||
| 008 | 190125s9999 xx 000 0 und d | ||
| 020 | _a0139012168 | ||
| 040 | _cDLC | ||
| 082 |
_a624 _bNUN |
||
| 100 |
_aS. W. Nunnally _913218 |
||
| 245 | _aManaging Construction Equipment / | ||
| 250 | _a2nd | ||
| 260 |
_bPrentice Hall _aUpper Saddler River, NJ _c2000 |
||
| 300 | _aviii, 399 p. : | ||
| 942 |
_2ddc _cBK |
||